2022 FIFA World Cup Group F - Morocco - Croatia - Statistics

General Stats
  • This quiz has been taken 103 times
  • The average score is 18 of 32
Answer Stats
Player % Correct
Luka Modrić
97%
Achraf Hakimi
86%
Joško Gvardiol
86%
Yassine Bounou
86%
Hakim Ziyech
83%
Ivan Perišić
82%
Dominik Livaković
78%
Marcelo Brozović
78%
Mateo Kovačić
78%
Andrej Kramarić
77%
Dejan Lovren
72%
Sofyan Amrabat
68%
Borna Sosa
62%
Youssef En-Nesyri
60%
Sofiane Boufal
59%
Noussair Mazraoui
56%
Romain Saïss
55%
Nayef Aguerd
53%
Mislav Oršić
51%
Josip Juranović
49%
Zlatko Dalić
46%
Mario Pašalić
44%
Azzedine Ounahi
42%
Lovro Majer
42%
Marko Livaja
41%
Nikola Vlašić
38%
Selim Amallah
33%
Walid Regragui
33%
Abderrazak Hamdallah
27%
Abdelhamid Sabiri
26%
Abde Ezzalzouli
24%
Yahia Attiyat Allah
22%
No matching quizzes found
Score Distribution
Percent of People with Each Score
Percentile by Number Answered
Your Score History
You have not taken this quiz